01579nam a2200241 a 4500001000800000005001700008008004100025041000700066044000800073050002100081245063500102260004000737300002800777500005900805505023900864651002301103651003901126700003701165700003501202700003201237700003701269700003101306BRL_47520190320210747.0190813s19uu----mx-ab#####---#000-0#spa-# amx aspa 4aF1226b.M49 190010aMéxico a través de los siglosbhistoria general y completa del desenvolvimiento social, político, religioso, militar, artístico, científico y literario de México desde la antigüedad más remota hasta la epoca actual : obra única en su génerocimparcial y concienzudamente escrita en vista de cuanto existe de notable y en presencia de preciosos datos y documentos hasta hace poco desconocidos, por los reputados literatos Arias ... D. Juan de Dios, Chavero ... [D.] Alfredo, Riva Palacio, D. Vicente, Vigil.. ... [D.] José María, Zárate, D. Julio ; bajo la dirección del general D. Vicente Riva Palacio. aMéxicobBallesca y Comp.c[19--?] av.5bil., mapasc36 cm. av.1 Au551, v.2 Au550, v.3 Au485, v.4 Au549, v.5 Au484.0 aContenido : v. 1. Historia antigua y de la conquista-- v. 2. El virreinato. Historia de la dominacion española en Mexico desde 1521 a 1808-- v. 3. La guerra de independencia-- v. 4. Mexico independiente, 1821-1855-- v. 5. La reforma 4aMéxicoxHistoria 4aMéxicovBibliografíaxHistoria1 aRiva Palacio, Vicented1832-18961 aArias, Juan de Diosd1828-18861 aChavero, Alfredod1841-19061 aVigil, José Maríad1829-19091 aZárate, Juliod1844-1917